Angel de fuego /
Guión del segundo largometraje de la cineasta mexicana Dana Rotberg, producido en 1991 y que a partir su obtención de los premios de la crítica nacional e internacional en la VII Muestra de Cine Mexicano de Guadalajara (1992) inició un recorrido por diversos festivales internacionales que incluyó su...
Bewaard in:
| Hoofdauteur: | |
|---|---|
| Andere auteurs: | , |
| Formaat: | Boek |
| Taal: | Spaans |
| Gepubliceerd in: |
México :
El Milagro,
1993, c1993
|
| Reeks: | (Cine El Milagro)
|
| Onderwerpen: | |
| Tags: |
Geen labels, Wees de eerste die dit record labelt!
|
MARC
| LEADER | 00000nam^a2200000^a^4500 | ||
|---|---|---|---|
| 001 | 000043225 | ||
| 005 | 20250521000000.0 | ||
| 009 | 20260310085806.078 | ||
| 020 | |a 968-6773-12-6 | ||
| 037 | |a Acervo ITESO - Biblioteca | ||
| 041 | |a ESP | ||
| 082 | |a 302. 2350972 |b ROT | ||
| 100 | |a Rotberg, Dana |e (guión) | ||
| 240 | 1 | 1 | |a [Angel de fuego] |
| 245 | 1 | 0 | |a Angel de fuego / |c Guión de D. Rotberg, O.A. Rodrigo ; introd. de N. Carro. |
| 264 | 4 | |a México : |b El Milagro, |c 1993, c1993 | |
| 300 | |a 79 p. | ||
| 336 | |a texto |b txt |2 rdacontenido | ||
| 337 | |a sin mediación |b n |2 rdamedio | ||
| 338 | |a volumen |b nc |2 rdasoporte | ||
| 440 | 1 | |a (Cine El Milagro) | |
| 520 | |a Guión del segundo largometraje de la cineasta mexicana Dana Rotberg, producido en 1991 y que a partir su obtención de los premios de la crítica nacional e internacional en la VII Muestra de Cine Mexicano de Guadalajara (1992) inició un recorrido por diversos festivales internacionales que incluyó su presentación en el de Cannes. Codirectora del celebrado mediometraje documental Elvira Luz Cruz: pena máxima (1985), asistente de dirección durante varios años del cineasta Felipe Cazals y realizadora del largometraje Intimidad (1989), Rotberg ha apoyado también en tareas de producción y postproducción la realización de algunos filmes bosnios (el documental MGM: hombre-Dios-el monstruo, en 1994 y la ficción El círculo perfecto, en 1996), antes de volver a la dirección en 2000 con Otilia Rauda, adaptación cinematográfica de la novela homónima de Sergio Galindo. | ||
| 585 | |a Exposición DIA 2024-09 / Hilos del vestuario en el cine mexicano | ||
| 649 | |a XX | ||
| 650 | |a Guiones Cinematográficos - |z México - |x Tema Principal | ||
| 650 | |a Tragedia | ||
| 650 | |a Dramas Cinematográficos | ||
| 650 | |a Cine de Mujeres - |z México | ||
| 650 | |a Cine Mexicano - |y 1990-1999 | ||
| 650 | |a Cine Mexicano - |y Siglo XX | ||
| 700 | |a Rodrigo, Omar Alain |e (guión) | ||
| 700 | |a Carro, Nelson |e (introducción) | ||
| 910 | |a Fondo General | ||
| 920 | |a Impresos - Libros | ||
| 930 | |a Colección General | ||
| 905 | |a 101 | ||
| 901 | |a 0432250100 |b IT1 |c ACC |i 043225 |u 20250521 | ||
| 902 | |a https://opac.biblio.iteso.mx/vufind/Record/000043225 | ||